Statistiques concernant Pays les plus pluvieux du monde

Cliquez ici pour prendre le quiz!

Statistiques générales

  • Ce quiz a été pris 101 fois
  • Le résultat moyen est 5 sur 10

Statistiques - réponses

Précipitations (mm/an)Pays% Correct
2702Indonésie
91%
2875Malaisie
66%
3250Colombie
60%
2928Panama
52%
2926Costa Rica
51%
2666Bangladesh
45%
3142Papouasie-Nouvelle-Guinée
44%
2722Brunei
36%
3028Iles Salomon
18%
3200Sao Tomé-et-Principe
11%

Distribution des résultats

Percentile par nombre de réponses

% des personnes avec chaque résultat

Votre développement - résultats

Vous n’avez pas pris ce quiz